Statistics for Geography by First Three Letters - #4

Click here to take the quiz!

General Stats

  • This quiz has been taken 830 times
    (679 since last reset)
  • The average score is 14 of 15

Answer Stats

LettersTypeAnswer% Correct
SPACountrySpain
100%
ENGLanguageEnglish
99%
MALCountryMalawi, Malaysia, Maldives, Mali, or Malta
99%
NIGRiverNiger
99%
CALUS StateCalifornia
98%
TURCountryTurkey
98%
SEAUS CitySeattle
97%
MISRiverMississippi
96%
MOSWorld CityMoscow
93%
NEWCountryNew Zealand
92%
BORIslandBorneo
91%
CHRReligionChristianity
90%
GUAWorld CityGuangzhou, Guadalajara, Guatemala City
86%
RIYWorld CityRiyadh
83%
HOKIslandHokkaido
67%

Score Distribution

Percentile by Number Answered

Percent of People with Each Score

Your Score History

You have not taken this quiz since the last reset